Transport ferroviari i marítim : Coneix els teus drets i com pots presentar reclamacions Coneix els teus drets i com pots presentar reclamacions
Descripción Física:
6 p. plegades ; il. col. ; 14 x 20 cm
Idioma:
Catalán
MARC
| LEADER | 00000nam a22000007a 4500 | ||
|---|---|---|---|
| 001 | 25042 | ||
| 008 | 211129b spa||||| |||| 00| 0 cat d | ||
| 080 | |a FU-67-95 | ||
| 245 | |a Transport ferroviari i marítim : |b Coneix els teus drets i com pots presentar reclamacions | ||
| 260 | |a Barcelona : |b Diputació de Barcelona. Àrea d'Atenció a les Persones ; |c 2018 | ||
| 300 | |a 6 p. plegades ; |b il. col. ; |c 14 x 20 cm | ||
| 500 | |a També en castellà: "Transporte ferroviario y marítimo : conoce tus derechos y como puedes presentar reclamaciones" (R. 25043) | ||
| 650 | 0 | |9 46596 |a Ferrocarrils | |
| 650 | 0 | |9 52423 |a Transport marítim | |
| 650 | 0 | |9 52422 |a Reclamacions dels clients | |
| 710 | |a Barcelona (Catalunya : Província). |b Àrea d'Atenció a les Persones |9 52421 | ||
| 942 | |2 udc |c ARXIU |n 1 | ||
| 952 | |0 0 |1 0 |2 udc |4 0 |6 FU6795 |7 1 |9 60865 |a Arxiu |b Arxiu |d 2021-11-29 |l 0 |o FU-67-95 |p 25042 |r 2021-11-29 00:00:00 |w 2021-11-29 |y ARXIU | ||
| 999 | |c 80991 |d 80991 | ||